Významné determinanty rozvoja kariéry

Kariéra - celoživotný proces rozvoja osobnosti. Línie vývoja kariéry a typológia kariérnych dráh. Filozofia a realizácia empirického výskumu. Charakteristika kariérnych dráh. Vlastnosti osobnosti, výkonové charakteristiky.

Salvato in:
Dettagli Bibliografici
Autore principale: Matulčíková, Marta, 1964-
Natura: Capitolo di libro
Lingua:slovacco
Soggetti:
Tags: Aggiungi Tag
Nessun Tag, puoi essere il primo ad aggiungerne!!

MARC

LEADER 00000naa a2200000 4500
001 0199924
005 20240502083508.2
041 0 |a slo 
044 |a CZ 
245 1 0 |a Významné determinanty rozvoja kariéry  |c Marta Matulčíková 
520 |a Kariéra - celoživotný proces rozvoja osobnosti. Línie vývoja kariéry a typológia kariérnych dráh. Filozofia a realizácia empirického výskumu. Charakteristika kariérnych dráh. Vlastnosti osobnosti, výkonové charakteristiky. 
610 2 0 |a kariéra 
610 2 0 |a modely 
610 2 0 |a sebarealizácia 
610 2 0 |a sebavýchova 
610 2 0 |a vzdelávanie celoživotné 
100 1 |a Matulčíková, Marta, 1964-